[Event "2. Bundesliga Mitte 2009/2010"]
[Site "St. Veit/Glan"]
[Date "2010.04.17"]
[Round "10"]
[Board "4"]
[White "Sandhu, Mario"]
[Black "Hiermann, Dietmar"]
[Result "1/2-1/2"]
[WhiteElo "2316"]
[BlackElo "2297"]
[PlyCount "97"]
[EventDate "2009.10.10"]
[EventType "team"]
[EventRounds "11"]
[EventCountry "AUT"]
[WhiteTeam "RbEJ Gleisdorf"]
[BlackTeam "Spg. Sauwald"]

1.e4 e5 2.Nf3 Nc6 3.Bb5 a6 4.Bxc6 dxc6 5.O-O Qd6 6.Na3 Be6 7.Qe2 f6 8.c3 c5
9.Rd1 Bg4 10.d4 cxd4 11.cxd4 exd4 12.Be3 c5 13.h3 Bh5 14.b4 Qe6 15.Bf4 Rd8
16.Nc2 Ne7 17.bxc5 Bxf3 18.Qxf3 Nc6 19.Ne1 Be7 20.Nd3 O-O 21.Rab1 Rd7 22.Rb2 Rc8
23.Qg4 Qxg4 24.hxg4 Nd8 25.Rc1 Ne6 26.Rbc2 Rc6 27.Kf1 Rd8 28.Ke2 Rdc8 29.Rb2 b6
30.Bg3 bxc5 31.Rc4 Bd6 32.Bxd6 Rxd6 33.f4 Rdc6 34.Kf3 R8c7 35.Rbc2 h6 36.f5 Ng5+
37.Kf4 Re7 38.e5 fxe5+ 39.Nxe5 Rc8 40.Rxc5 Rce8 41.Rd2 Nf7 42.Nf3 Re4+ 43.Kg3
Ne5 44.Nxe5 R8xe5 45.Rxe5 Rxe5 46.Rxd4 Re3+ 47.Kf4 Ra3 48.Rd2 Kf7 49.Re2

[Event "2. Bundesliga Mitte 2009/2010"]
[Site "St. Veit/Glan"]
[Date "2010.04.17"]
[Round "10"]
[Board "5"]
[White "Kirschner, Alexander"]
[Black "Wanderer, Thomas"]
[Result "0-1"]
[WhiteElo "2220"]
[BlackElo "2220"]
[PlyCount "180"]
[EventDate "2009.10.10"]
[EventType "team"]
[EventRounds "11"]
[EventCountry "AUT"]
[WhiteTeam "Spg. Sauwald"]
[BlackTeam "RbEJ Gleisdorf"]

1.c4 e5 2.Nc3 d6 3.g3 Nf6 4.Bg2 Be7 5.Nf3 O-O 6.d4 Nbd7 7.O-O c6 8.e4 a6 9.a4 a5
10.h3 Qc7 11.Be3 Re8 12.Re1 Bf8 13.Nh4 g6 14.f4 Nh5 15.Kh2 Bg7 16.fxe5 dxe5
17.d5 Bf8 18.Qf3 Nc5 19.Rad1 Bd6 20.Qf2 Na6 21.c5 Bf8 22.Rd2 Nb8 23.Red1 Nd7
24.d6 Qd8 25.Rf1 Nhf6 26.g4 h6 27.g5 hxg5 28.Bxg5 Bg7 29.Kh1 Re6 30.Rd3 b6
31.Rf3 bxc5 32.Rd1 Qf8 33.Qd2 Rb8 34.Rf2 Rb4 35.Nf3 Ba6 36.Be3 Ne8 37.Ng5 Rxd6
38.Qe1 Bc4 39.Bf1 Bb3 40.Rxd6 Qxd6 41.Rd2 Qe7 42.h4 Nef6 43.Bh3 Rb7 44.Qe2 Nb6
45.Qa6 Rb8 46.Bf1 Nh5 47.Kh2 Bf8 48.Rf2 Nf4 49.Bc1 f6 50.Nf3 Qb7 51.Qxb7 Rxb7
52.Be3 Nxa4 53.Nd2 Nxc3 54.bxc3 Be6 55.Nc4 a4 56.Ra2 Rb1 57.Rf2 Rxf1 58.Rxf1
Bxc4 59.Rd1 Nd3 60.Rb1 a3 61.Rb8 Kf7 62.Kg3 a2 63.Ra8 Ke6 64.Bd2 Bd6 65.Ra7 f5
66.exf5+ Kxf5 67.Kf3 e4+ 68.Ke2 Bf4 69.Ra8 Ne5+ 70.Kd1 Bb3+ 71.Ke2 Bxd2 72.Kxd2
Nc4+ 73.Ke2 Kg4 74.Kf2 Kxh4 75.Rh8+ Kg4 76.Ra8 Nb6 77.Ra3 Nd5 78.Ke2 Kf4 79.Ra8
Nxc3+ 80.Kd2 Na4 81.Rf8+ Ke5 82.Rf1 Kd4 83.Ra1 c4 84.Kc1 Nb6 85.Kb2 Nd5 86.Re1
Nb4 87.Rg1 Nc2 88.Rd1+ Kc5 89.Ra1 Nxa1 90.Kxa1 e3

[Event "2. Bundesliga Mitte 2009/2010"]
[Site "St. Veit/Glan"]
[Date "2010.04.17"]
[Round "10"]
[Board "6"]
[White "Sandner, Wolfgang"]
[Black "Niederwieser, Peter"]
[Result "1-0"]
[WhiteElo "2224"]
[BlackElo "2173"]
[PlyCount "119"]
[EventDate "2009.10.10"]
[EventType "team"]
[EventRounds "11"]
[EventCountry "AUT"]
[WhiteTeam "RbEJ Gleisdorf"]
[BlackTeam "Spg. Sauwald"]

1.e4 e6 2.d3 d5 3.Nd2 c5 4.Ngf3 Nc6 5.c3 Bd6 6.Be2 Nge7 7.O-O O-O 8.Re1 Qc7 9.d4
cxd4 10.cxd4 dxe4 11.Nxe4 Rd8 12.Bg5 Bb4 13.Rf1 f6 14.Be3 Nf5 15.Rc1 Qb6 16.Bc4
Kh8 17.Qe2 Nce7 18.Nc3 Nd5 19.Bb3 a6 20.Nxd5 exd5 21.Bf4 Bd6 22.Bxd6 Qxd6
23.Rfe1 Bd7 24.Qd3 g6 25.Rc5 Bc6 26.Qd2 Ng7 27.Nh4 Ne6 28.Rc3 Qf4 29.Qxf4 Nxf4
30.g3 Nh3+ 31.Kg2 Ng5 32.f3 Re8 33.Rce3 Rxe3 34.Rxe3 Kg7 35.Kf2 Kf7 36.Ng2 Ne6
37.Rd3 Re8 38.Ne3 Rd8 39.Rd2 Ke7 40.h4 Kd6 41.Ng4 Rf8 42.Bc2 Be8 43.Ne3 Bc6
44.f4 f5 45.Ng2 Ng7 46.Ne1 Nh5 47.Nf3 Nf6 48.Ne5 Re8 49.Kf3 Ne4 50.Rh2 h5 51.Bd3
Bb5 52.Bxb5 axb5 53.Rg2 Rg8 54.Rc2 Ke6 55.Rc7 Nd6 56.Nd7 Rg7 57.Nf8+ Kf6 58.Nh7+
Rxh7 59.Rxh7 Nf7 60.Ke3

[Event "2. Bundesliga Mitte 2009/2010"]
[Site "St. Veit/Glan"]
[Date "2010.04.17"]
[Round "10"]
[Board "1"]
[White "Horvath, Csaba"]
[Black "Skoberne, Jure"]
[Result "1-0"]
[WhiteElo "2549"]
[BlackElo "2509"]
[PlyCount "79"]
[EventDate "2009.10.10"]
[EventType "team"]
[EventRounds "11"]
[EventCountry "AUT"]
[WhiteTeam "SC Die Klagenfurter"]
[BlackTeam "ESV Austria Graz"]

1.d4 d5 2.c4 c6 3.Nc3 Nf6 4.e3 a6 5.b3 b5 6.Bb2 Bg4 7.f3 Bf5 8.g4 Bg6 9.h4 h5
10.g5 Ng8 11.Nh3 e6 12.Nf4 Bd6 13.Nxg6 fxg6 14.Bh3 Qd7 15.O-O Qf7 16.Qe2 Ne7
17.e4 dxc4 18.bxc4 O-O 19.f4 Kh7 20.c5 Bc7 21.Qc2 a5 22.a4 Na6 23.axb5 Nb4
24.Qb3 Qe8 25.b6 Bxf4 26.Ne2 e5 27.dxe5 Bd2 28.Rad1 a4 29.Qg3 Rxf1+ 30.Kxf1 a3
31.Rxd2 axb2 32.Rxb2 Qf8+ 33.Kg2 Ra1 34.Qf3 Qd8 35.Rxb4 Qd1 36.Rd4 Qh1+ 37.Kf2
Qh2+ 38.Bg2 Qxe5 39.Qg3 Qxc5 40.Qc3

[Event "2. Bundesliga Mitte 2009/2010"]
[Site "St. Veit/Glan"]
[Date "2010.04.17"]
[Round "10"]
[Board "2"]
[White "Sakelsek, Tadej"]
[Black "Pilaj, Herwig"]
[Result "1/2-1/2"]
[WhiteElo "2403"]
[BlackElo "2363"]
[PlyCount "49"]
[EventDate "2009.10.10"]
[EventType "team"]
[EventRounds "11"]
[EventCountry "AUT"]
[WhiteTeam "ESV Austria Graz"]
[BlackTeam "SC Die Klagenfurter"]

1.e4 c5 2.Nf3 Nc6 3.d4 cxd4 4.Nxd4 g6 5.c4 Nf6 6.Nc3 d6 7.Be2 Bg7 8.Be3 O-O
9.O-O Nxd4 10.Bxd4 Bd7 11.Qd2 Bc6 12.f3 a5 13.Rab1 Nd7 14.Bf2 Nc5 15.b3 Be5
16.Nb5 b6 17.Nd4 Bb7 18.a3 Qb8 19.b4 axb4 20.axb4 Nd7 21.Nb5 Bc6 22.Nd4 Bb7
23.Nb5 Bc6 24.Nd4 Bb7 25.Nb5

[Event "2. Bundesliga Mitte 2009/2010"]
[Site "St. Veit/Glan"]
[Date "2010.04.17"]
[Round "10"]
[Board "3"]
[White "Genser, Harald"]
[Black "Kotz, Heinz Peter"]
[Result "1/2-1/2"]
[WhiteElo "2272"]
[BlackElo "2332"]
[PlyCount "61"]
[EventDate "2009.10.10"]
[EventType "team"]
[EventRounds "11"]
[EventCountry "AUT"]
[WhiteTeam "SC Die Klagenfurter"]
[BlackTeam "ESV Austria Graz"]

1.d4 Nf6 2.c4 g6 3.g3 Bg7 4.Bg2 O-O 5.Nc3 d6 6.Nf3 Nc6 7.O-O a6 8.Qd3 Rb8 9.d5
Nb4 10.Qd2 a5 11.Nd4 e5 12.dxe6 fxe6 13.a3 Na6 14.Rb1 c6 15.e4 Kh8 16.Nc2 b5
17.cxb5 cxb5 18.b4 Ng4 19.Ne3 axb4 20.axb4 Ne5 21.Qe2 Qb6 22.Na2 Nc7 23.Bb2 Ra8
24.Nc1 Bb7 25.Nd3 Nc6 26.Bxg7+ Kxg7 27.e5 Nxe5 28.Bxb7 Qxb7 29.Nxe5 dxe5 30.Ng4
Rf5 31.Nxe5

[Event "2. Bundesliga Mitte 2009/2010"]
[Site "St. Veit/Glan"]
[Date "2010.04.17"]
[Round "10"]
[Board "4"]
[White "Ebner, Hubert"]
[Black "Titz, Heimo"]
[Result "1/2-1/2"]
[WhiteElo "2194"]
[BlackElo "2242"]
[PlyCount "77"]
[EventDate "2009.10.10"]
[EventType "team"]
[EventRounds "11"]
[EventCountry "AUT"]
[WhiteTeam "ESV Austria Graz"]
[BlackTeam "SC Die Klagenfurter"]

1.d4 Nf6 2.c4 e6 3.Nf3 c5 4.d5 exd5 5.cxd5 d6 6.Nc3 g6 7.Bf4 Bg7 8.Qa4+ Bd7
9.Qb3 Qc7 10.e4 Nh5 11.Be3 O-O 12.Nd2 a6 13.a4 Bc8 14.Be2 Nf6 15.O-O Nbd7 16.Nc4
Re8 17.Bf4 Bf8 18.f3 Rb8 19.a5 b5 20.axb6 Nxb6 21.Qc2 Nxc4 22.Bxc4 Rb6 23.Na4
Rb8 24.Nc3 Nh5 25.Be3 Bg7 26.Bxa6 Bd4 27.Rfe1 Bxe3+ 28.Rxe3 Ra8 29.Qe2 Qb6
30.Qb5 Qxb5 31.Nxb5 Rxa6 32.Rxa6 Bxa6 33.Nc7 Rb8 34.Nxa6 Rxb2 35.g3 Nf6 36.e5
dxe5 37.Nxc5 Rb5 38.Nd3 Rxd5 39.Nxe5

[Event "2. Bundesliga Mitte 2009/2010"]
[Site "St. Veit/Glan"]
[Date "2010.04.17"]
[Round "10"]
[Board "5"]
[White "Wertjanz, David"]
[Black "Fahrner, Kurt"]
[Result "1/2-1/2"]
[WhiteElo "2126"]
[BlackElo "2300"]
[PlyCount "46"]
[EventDate "2009.10.10"]
[EventType "team"]
[EventRounds "11"]
[EventCountry "AUT"]
[WhiteTeam "SC Die Klagenfurter"]
[BlackTeam "ESV Austria Graz"]

1.e4 g6 2.d4 Bg7 3.Nc3 d6 4.f4 a6 5.Nf3 b5 6.Bd3 Nd7 7.O-O c5 8.e5 cxd4 9.Be4
dxc3 10.Bxa8 Qb6+ 11.Kh1 Nh6 12.bxc3 dxe5 13.fxe5 O-O 14.Qd4 Qb8 15.Bxh6 Bxh6
16.Bd5 Bg7 17.Ng5 Qxe5 18.Nxf7 Qxd4 19.cxd4 Nf6 20.Nh6+ Kh8 21.Nf7+ Kg8 22.Nh6+
Kh8 23.Nf7+ Kg8

[Event "2. Bundesliga Mitte 2009/2010"]
[Site "St. Veit/Glan"]
[Date "2010.04.17"]
[Round "10"]
[Board "6"]
[White "Aschenbrenner, Robert"]
[Black "Jakits, Leopold"]
[Result "1-0"]
[WhiteElo "2262"]
[BlackElo "1982"]
[PlyCount "65"]
[EventDate "2009.10.10"]
[EventType "team"]
[EventRounds "11"]
[EventCountry "AUT"]
[WhiteTeam "ESV Austria Graz"]
[BlackTeam "SC Die Klagenfurter"]

1.d4 Nf6 2.Nf3 e6 3.e3 b6 4.Bd3 Bb7 5.O-O Be7 6.c4 O-O 7.Nc3 c5 8.d5 d6 9.e4
Nbd7 10.dxe6 fxe6 11.Ng5 Qc8 12.Nxe6 Re8 13.f4 Nf8 14.Ng5 a6 15.h3 Ne6 16.Nxe6
Qxe6 17.Re1 Rad8 18.Bd2 Qc8 19.Qf3 Nd7 20.Nd5 Bf6 21.Bc3 Bxc3 22.bxc3 b5 23.Qh5
Bxd5 24.Qxd5+ Kh8 25.cxb5 Nf6 26.Qc6 axb5 27.Qxc8 Rxc8 28.e5 dxe5 29.Bxb5 Re7
30.Rxe5 Rxe5 31.fxe5 Nd5 32.c4 Nf4 33.a4

[Event "2. Bundesliga Mitte 2009/2010"]
[Site "St. Veit/Glan"]
[Date "2010.04.17"]
[Round "10"]
[Board "1"]
[White "Lenic, Luka"]
[Black "Reichmann, Egon"]
[Result "0-1"]
[WhiteElo "2603"]
[BlackElo "2331"]
[PlyCount "80"]
[EventDate "2009.10.10"]
[EventType "team"]
[EventRounds "11"]
[EventCountry "AUT"]
[WhiteTeam "SV Raika Rapid Feffernitz"]
[BlackTeam "Admira Villach"]

1.d4 d5 2.Nf3 e6 3.c4 c6 4.e3 f5 5.Nc3 Nf6 6.Bd3 Bd6 7.h3 O-O 8.g4 Ne4 9.gxf5
exf5 10.Qb3 Na6 11.a3 Nc7 12.cxd5 cxd5 13.Nb5 Be6 14.Nxd6 Qxd6 15.Ne5 Nc5
16.dxc5 Qxe5 17.Qxb7 d4 18.Rg1 dxe3 19.fxe3 Rad8 20.Be2 Bd5 21.Qb4 Qh2 22.Rf1 f4
23.Bd2 Qg3+ 24.Kd1 fxe3 25.Rxf8+ Kxf8 26.Be1 Bb3+ 27.Kc1 Qg1 28.c6+ Ke8 29.a4 a5
30.Qc3 Rd2 31.Qxb3 Qxe1+ 32.Bd1 Rd5 33.Qc2 Qb4 34.Ra3 Qf4 35.Qe2 Rc5+ 36.Kb1 Nd5
37.c7 Rxc7 38.Qb5+ Rd7 39.Bg4 Qe4+ 40.Rd3 Nc3+

[Event "2. Bundesliga Mitte 2009/2010"]
[Site "St. Veit/Glan"]
[Date "2010.04.17"]
[Round "10"]
[Board "2"]
[White "Leitner, Gerald"]
[Black "Sebenik, Matej"]
[Result "1/2-1/2"]
[WhiteElo "2186"]
[BlackElo "2504"]
[PlyCount "93"]
[EventDate "2009.10.10"]
[EventType "team"]
[EventRounds "11"]
[EventCountry "AUT"]
[WhiteTeam "Admira Villach"]
[BlackTeam "SV Raika Rapid Feffernitz"]

1.d4 Nf6 2.c4 g6 3.Nc3 Bg7 4.e4 d6 5.Be2 O-O 6.Bg5 Na6 7.Qd2 e5 8.d5 c6 9.h4
cxd5 10.cxd5 Qa5 11.Rb1 Bd7 12.f3 Rfc8 13.Nh3 Nh5 14.g4 Nf4 15.Nxf4 exf4 16.O-O
b5 17.a3 Nc5 18.Bxf4 Nb3 19.Qd1 Nd4 20.Kg2 b4 21.axb4 Qxb4 22.Bd3 a5 23.Ne2 Ba4
24.Qe1 Bc2 25.Bxc2 Rxc2 26.Rf2 Qc4 27.Nxd4 Bxd4 28.Rxc2 Qxc2+ 29.Kh3 a4 30.Bxd6
Bxb2 31.e5 a3 32.e6 f5 33.e7 fxg4+ 34.fxg4 Qc8 35.Qf2 h5 36.Rf1 Qxg4+ 37.Kh2 Bg7
38.Bg3 a2 39.Qf7+ Kh7 40.e8=Q Rxe8 41.Qxe8 Qc4 42.Qf7 Qxf1 43.Qxf1 a1=Q 44.Qxa1
Bxa1 45.Kg2 Kg7 46.Kf3 Kf7 47.Ke4

[Event "2. Bundesliga Mitte 2009/2010"]
[Site "St. Veit/Glan"]
[Date "2010.04.17"]
[Round "10"]
[Board "3"]
[White "Novak, Pavel"]
[Black "Perhinig, Robert"]
[Result "1-0"]
[WhiteElo "2372"]
[BlackElo "2287"]
[PlyCount "63"]
[EventDate "2009.10.10"]
[EventType "team"]
[EventRounds "11"]
[EventCountry "AUT"]
[WhiteTeam "SV Raika Rapid Feffernitz"]
[BlackTeam "Admira Villach"]

1.e4 e6 2.d4 d5 3.Nc3 Bb4 4.Bd3 dxe4 5.Bxe4 Nf6 6.Bd3 c5 7.a3 cxd4 8.axb4 dxc3
9.bxc3 Qc7 10.Ne2 Nc6 11.O-O O-O 12.Ng3 Ne5 13.Bf4 Qxc3 14.Ne2 Qc7 15.Nd4 Nd5
16.Nb5 Qb8 17.Bxh7+ Kh8 18.Bg3 Bd7 19.Re1 Kxh7 20.Bxe5 Qd8 21.Nd6 Kg8 22.c4 f6
23.Nxb7 Qb6 24.Nc5 fxe5 25.cxd5 Rad8 26.Qb3 exd5 27.Qxd5+ Kh8 28.Qxe5 Qxb4
29.Qh5+ Kg8 30.Qd5+ Kh8 31.Re4 Be6 32.Qh5+

[Event "2. Bundesliga Mitte 2009/2010"]
[Site "St. Veit/Glan"]
[Date "2010.04.17"]
[Round "10"]
[Board "4"]
[White "Neff, Gregor"]
[Black "Reiss, Georg"]
[Result "0-1"]
[WhiteElo "2157"]
[BlackElo "2153"]
[PlyCount "106"]
[EventDate "2009.10.10"]
[EventType "team"]
[EventRounds "11"]
[EventCountry "AUT"]
[WhiteTeam "Admira Villach"]
[BlackTeam "SV Raika Rapid Feffernitz"]

1.e4 c5 2.Nc3 Nc6 3.f4 g6 4.Nf3 Bg7 5.Bb5 e6 6.Bxc6 bxc6 7.e5 f5 8.O-O Ne7 9.Na4
c4 10.b3 Ba6 11.Re1 Nd5 12.bxc4 Bxc4 13.d3 Ba6 14.c4 Nb6 15.Nc5 Bc8 16.Rb1 O-O
17.Nb3 Na4 18.Qc2 c5 19.Nbd2 Nb6 20.Ba3 d6 21.exd6 Qxd6 22.Nb3 Qxf4 23.Bxc5 Re8
24.Be3 Qc7 25.Nbd4 Bd7 26.Nb5 Bxb5 27.Rxb5 Rab8 28.Reb1 Nd7 29.a4 a6 30.Rxb8
Rxb8 31.Rxb8+ Nxb8 32.c5 Qc6 33.Qc4 Qd5 34.Qxd5 exd5 35.Bd4 Nc6 36.Bxg7 Kxg7
37.d4 Kf6 38.Kf2 g5 39.Ke3 f4+ 40.Kd3 g4 41.Nd2 Kf5 42.Nb3 h5 43.Nd2 h4 44.Nf1
a5 45.Nd2 Kf6 46.Nf1 Kg5 47.Nd2 Kf5 48.Nb3 g3 49.hxg3 f3 50.gxf3 h3 51.Nd2 h2
52.Ke3 h1=Q 53.g4+ Kf6

[Event "2. Bundesliga Mitte 2009/2010"]
[Site "St. Veit/Glan"]
[Date "2010.04.17"]
[Round "10"]
[Board "5"]
[White "Tschohl, Christof"]
[Black "Frank, Dieter"]
[Result "0-1"]
[WhiteElo "2160"]
[BlackElo "2144"]
[PlyCount "120"]
[EventDate "2009.10.10"]
[EventType "team"]
[EventRounds "11"]
[EventCountry "AUT"]
[WhiteTeam "SV Raika Rapid Feffernitz"]
[BlackTeam "Admira Villach"]

1.e4 e5 2.Nf3 Nc6 3.Bc4 Be7 4.O-O Nf6 5.Re1 d6 6.h3 O-O 7.d4 Re8 8.c3 exd4
9.cxd4 d5 10.exd5 Nxd5 11.Qb3 Na5 12.Qc2 Nxc4 13.Qxc4 Be6 14.Qb5 Nb4 15.Na3 c6
16.Qh5 Bf6 17.Bg5 h6 18.Bxf6 Qxf6 19.b3 Nd3 20.Re3 Nf4 21.Qe5 Qxe5 22.dxe5 Rad8
23.Nc4 Bxc4 24.bxc4 Re7 25.Re4 Ne6 26.Nh4 Nc5 27.Re3 g6 28.Nf3 Red7 29.Ree1 Rd3
30.Kf1 Kf8 31.Ke2 Rc3 32.Rac1 Ra3 33.Rc2 Nd3 34.Rb1 b6 35.Kf1 Nc5 36.Nd2 Rad3
37.Nb3 Ne4 38.Rbc1 Ke7 39.Re2 Nc3 40.Ree1 Nxa2 41.Ra1 Rxb3 42.Rxa2 a5 43.c5 b5
44.e6 a4 45.exf7+ Kxf7 46.Rae2 Rd7 47.Re8 a3 48.Rh8 Kg7 49.Ra8 b4 50.Ree8 Rb2
51.g4 a2 52.Kg2 b3 53.Rg8+ Kf6 54.h4 Rb1 55.Raf8+ Ke5 56.Rxg6 a1=Q 57.Rf5+ Kd4
58.Rd6+ Rxd6 59.cxd6 Rg1+ 60.Kf3 Qd1+

[Event "2. Bundesliga Mitte 2009/2010"]
[Site "St. Veit/Glan"]
[Date "2010.04.17"]
[Round "10"]
[Board "6"]
[White "Hafner, Robert"]
[Black "Arztmann, Wolfgang"]
[Result "1/2-1/2"]
[WhiteElo "2110"]
[BlackElo "2102"]
[PlyCount "59"]
[EventDate "2009.10.10"]
[EventType "team"]
[EventRounds "11"]
[EventCountry "AUT"]
[WhiteTeam "Admira Villach"]
[BlackTeam "SV Raika Rapid Feffernitz"]

1.d4 e6 2.c4 Bb4+ 3.Bd2 Bxd2+ 4.Qxd2 Nf6 5.Nc3 O-O 6.Nf3 d5 7.e3 Qe7 8.Be2 dxc4
9.Bxc4 Rd8 10.Qe2 c5 11.dxc5 Qxc5 12.O-O Nc6 13.Rac1 Bd7 14.Bd3 Rac8 15.Ne4 Qe7
16.Nxf6+ Qxf6 17.Be4 Be8 18.Rfd1 g6 19.h3 Rxd1+ 20.Rxd1 Rd8 21.Rd2 Qe7 22.a3 Na5
23.Ne5 Rc8 24.Rc2 Rc5 25.f4 Bb5 26.Bd3 Bxd3 27.Qxd3 Nc6 28.Nxc6 bxc6 29.Rxc5
Qxc5 30.Kh2

[Event "2. Bundesliga Mitte 2009/2010"]
[Site "St. Veit/Glan"]
[Date "2010.04.17"]
[Round "10"]
[Board "1"]
[White "Hoelzl, Franz"]
[Black "Fogarasi, Tibor"]
[Result "1/2-1/2"]
[WhiteElo "2333"]
[BlackElo "2421"]
[PlyCount "67"]
[EventDate "2009.10.10"]
[EventType "team"]
[EventRounds "11"]
[EventCountry "AUT"]
[WhiteTeam "ZH-Technologies Wolfsberg"]
[BlackTeam "ASK St. Valentin"]

1.Nf3 Nf6 2.c4 g6 3.Nc3 d5 4.cxd5 Nxd5 5.Qa4+ c6 6.d4 Nxc3 7.bxc3 Bg7 8.Qa3 O-O
9.Bg5 Re8 10.e3 Nd7 11.Be2 b5 12.O-O a5 13.e4 Ba6 14.Qc1 c5 15.Bh6 cxd4 16.Bxg7
Kxg7 17.cxd4 b4 18.Bxa6 Rxa6 19.Qb2 Kg8 20.Rac1 e6 21.Qe2 Ra8 22.Qe3 Rc8 23.h4
Qe7 24.h5 a4 25.g3 Nf6 26.hxg6 hxg6 27.Nd2 Qd7 28.e5 Nd5 29.Qh6 Rxc1 30.Rxc1 Rc8
31.Rxc8+ Qxc8 32.Ne4 Qf8 33.Qc1 Qb8 34.Qh6

[Event "2. Bundesliga Mitte 2009/2010"]
[Site "St. Veit/Glan"]
[Date "2010.04.17"]
[Round "10"]
[Board "2"]
[White "Sandhoefner, Florian"]
[Black "Mikac, Matjaz"]
[Result "1/2-1/2"]
[WhiteElo "2160"]
[BlackElo "2384"]
[PlyCount "68"]
[EventDate "2009.10.10"]
[EventType "team"]
[EventRounds "11"]
[EventCountry "AUT"]
[WhiteTeam "ASK St. Valentin"]
[BlackTeam "ZH-Technologies Wolfsberg"]

1.e4 d6 2.d4 Nf6 3.Nc3 e5 4.Nge2 c6 5.a4 Be7 6.g3 exd4 7.Nxd4 d5 8.e5 Ng4 9.e6
Nf6 10.exf7+ Kxf7 11.Bg2 Re8 12.O-O a5 13.Bf4 Na6 14.Re1 Qb6 15.Qd2 Bd7 16.h3
Kg8 17.Be5 Rf8 18.Re2 Rae8 19.Rae1 Bc5 20.Nb3 Bb4 21.g4 Qd8 22.Bxf6 Qxf6 23.Nxd5
cxd5 24.c3 Rxe2 25.Rxe2 Bd6 26.Qxd5+ Kh8 27.Nxa5 Qf4 28.Nxb7 Qc1+ 29.Bf1 Bh2+
30.Kg2 Bxa4 31.Nd6 Qf4 32.Nf5 Qc7 33.Re6 Nb8 34.Bb5 Bc2

[Event "2. Bundesliga Mitte 2009/2010"]
[Site "St. Veit/Glan"]
[Date "2010.04.17"]
[Round "10"]
[Board "3"]
[White "Wegerer, Fred"]
[Black "Kranzl, Peter"]
[Result "0-1"]
[WhiteElo "2215"]
[BlackElo "2285"]
[PlyCount "63"]
[EventDate "2009.10.10"]
[EventType "team"]
[EventRounds "11"]
[EventCountry "AUT"]
[WhiteTeam "ZH-Technologies Wolfsberg"]
[BlackTeam "ASK St. Valentin"]

1.c4 Nf6 2.Nc3 g6 3.g3 Bg7 4.Bg2 O-O 5.d3 d6 6.Bg5 c6 7.Qd2 Nbd7 8.Nh3 a6 9.O-O
Rb8 10.Bh6 b5 11.Bxg7 Kxg7 12.Kh1 Bb7 13.f4 Qa5 14.e4 bxc4 15.dxc4 Rfd8 16.Rad1
Ba8 17.b3 Qb4 18.Nf2 Nc5 19.Qe3 Ne6 20.e5 dxe5 21.fxe5 Ng8 22.Nfe4 Nh6 23.Bh3
Rxd1 24.Rxd1 Nf5 25.Qf2 c5 26.Bg2 Bxe4 27.Nxe4 a5 28.Rd7 h5 29.Bh3 Ned4 30.Bxf5
Nxf5 31.Nxc5 Qc3 32.Na4

[Event "2. Bundesliga Mitte 2009/2010"]
[Site "St. Veit/Glan"]
[Date "2010.04.17"]
[Round "10"]
[Board "4"]
[White "Tober, Gerhard"]
[Black "Waldmann, Gerald"]
[Result "1/2-1/2"]
[WhiteElo "2296"]
[BlackElo "2173"]
[PlyCount "86"]
[EventDate "2009.10.10"]
[EventType "team"]
[EventRounds "11"]
[EventCountry "AUT"]
[WhiteTeam "ASK St. Valentin"]
[BlackTeam "ZH-Technologies Wolfsberg"]

1.e4 e6 2.d3 d5 3.Nd2 Nf6 4.g3 c5 5.Bg2 Nc6 6.Ngf3 Be7 7.O-O b6 8.Re1 Bb7 9.e5
Nd7 10.h4 Qc7 11.Qe2 O-O-O 12.c3 h6 13.h5 Rdg8 14.a3 g6 15.hxg6 Rxg6 16.Nf1 h5
17.Bf4 h4 18.gxh4 Bxh4 19.Nxh4 Rxh4 20.Bg3 Rh8 21.Nd2 Rhg8 22.Nf3 Ne7 23.Nh4 Rg4
24.Kf1 Qd8 25.Bf3 R4g7 26.d4 Kb8 27.b4 c4 28.Qe3 Nf8 29.Ke2 Nfg6 30.Nxg6 Nf5
31.Qf4 Rxg6 32.Rg1 Qe8 33.a4 R8g7 34.a5 Qg8 35.axb6 axb6 36.Rg2 Nxg3+ 37.fxg3
Rxg3 38.Rh2 Qe8 39.Qd2 Kc7 40.Qa2 Qe7 41.Qd2 Qg5 42.Qxg5 R3xg5 43.Rh8 Rg8

[Event "2. Bundesliga Mitte 2009/2010"]
[Site "St. Veit/Glan"]
[Date "2010.04.17"]
[Round "10"]
[Board "5"]
[White "Toefferl, Heimo"]
[Black "Trauner, Rudolf"]
[Result "1/2-1/2"]
[WhiteElo "2142"]
[BlackElo "2213"]
[PlyCount "79"]
[EventDate "2009.10.10"]
[EventType "team"]
[EventRounds "11"]
[EventCountry "AUT"]
[WhiteTeam "ZH-Technologies Wolfsberg"]
[BlackTeam "ASK St. Valentin"]

1.d4 Nf6 2.c4 e6 3.Nc3 Bb4 4.e3 b6 5.Bd3 Bb7 6.f3 d5 7.cxd5 exd5 8.Qa4+ Nc6
9.Bb5 Qd7 10.Bd2 Be7 11.a3 a6 12.Bd3 O-O 13.b4 Nd8 14.Qxd7 Nxd7 15.Nge2 c5
16.bxc5 bxc5 17.Kf2 Ne6 18.a4 cxd4 19.exd4 Bf6 20.Be3 Rfc8 21.Rab1 Rc7 22.Rb3 g6
23.Rhb1 Ra7 24.a5 Kg7 25.g4 g5 26.Ke1 Kg8 27.Kd2 Ndf8 28.Rxb7 Rcxb7 29.Nxd5 Bd8
30.Nb6 Rb8 31.d5 Nc7 32.Nd4 Rab7 33.Nc6 Nxd5 34.Nxb8 Nxe3 35.Bxa6 Rxb8 36.Kxe3
Nd7 37.Rb5 Nxb6 38.axb6 Rxb6 39.Rxb6 Bxb6+ 40.Ke4

[Event "2. Bundesliga Mitte 2009/2010"]
[Site "St. Veit/Glan"]
[Date "2010.04.17"]
[Round "10"]
[Board "6"]
[White "Heimberger, Reinhard"]
[Black "Sternat, Roland"]
[Result "1-0"]
[WhiteElo "2257"]
[BlackElo "2100"]
[PlyCount "106"]
[EventDate "2009.10.10"]
[EventType "team"]
[EventRounds "11"]
[EventCountry "AUT"]
[WhiteTeam "ASK St. Valentin"]
[BlackTeam "ZH-Technologies Wolfsberg"]

1.g3 d5 2.d4 e6 3.Bg2 f5 4.Nf3 Nf6 5.O-O Bd6 6.c4 c6 7.b3 O-O 8.Ba3 Bxa3 9.Nxa3
Qe7 10.Qc1 Bd7 11.Qb2 Be8 12.Ne5 Nbd7 13.Nd3 g5 14.b4 Bg6 15.f4 Ne4 16.e3 a6
17.Nc5 gxf4 18.exf4 Ndf6 19.Nd3 Ng4 20.Ne5 Ne3 21.Rf3 Nxg2 22.Kxg2 Rfd8 23.Rd3
Rac8 24.c5 Kg7 25.Nc2 Be8 26.a4 Qc7 27.Na3 Ra8 28.Rb3 Rdb8 29.Rb1 Rc8 30.b5 axb5
31.axb5 Qa5 32.bxc6 Bxc6 33.Nf3 Ra7 34.Nb5 Ra6 35.Nd6 Nxd6 36.cxd6 Qa2 37.Ne5
Rd8 38.d7 Kf6 39.Kf3 Ke7 40.Rc3 Qa4 41.Qb4+ Qxb4 42.Rxb4 Rda8 43.Rbb3 R8a7 44.g4
fxg4+ 45.Kxg4 Bxd7 46.Rc7 b5 47.Nc6+ Rxc6 48.Rxa7 Rb6 49.Rh3 e5+ 50.f5 h5+
51.Rxh5 exd4 52.Rh7+ Kd6 53.Rhxd7+ Kc6

[Event "2. Bundesliga Mitte 2009/2010"]
[Site "St. Veit/Glan"]
[Date "2010.04.17"]
[Round "10"]
[Board "1"]
[White "Weiss, Christian"]
[Black "Diermair, Andreas"]
[Result "1/2-1/2"]
[WhiteElo "2421"]
[BlackElo "2333"]
[PlyCount "59"]
[EventDate "2009.10.10"]
[EventType "team"]
[EventRounds "11"]
[EventCountry "AUT"]
[WhiteTeam "Union Ansfelden"]
[BlackTeam "Frauental"]

1.c4 e6 2.Nf3 Nf6 3.b3 b6 4.Bb2 Bb7 5.e3 Be7 6.Be2 O-O 7.O-O c5 8.d4 cxd4 9.Nxd4
d5 10.Bf3 Nbd7 11.Nd2 Rc8 12.cxd5 Nxd5 13.Nc4 Nc5 14.Qe2 a6 15.Rfd1 b5 16.Ne5
Qc7 17.Nd3 Qb6 18.Nxc5 Rxc5 19.Qe1 b4 20.Ne2 Rc2 21.Bd4 Qc7 22.Rd2 Bd6 23.Rxc2
Qxc2 24.Ng3 f5 25.Bd1 Qc6 26.Bf3 Qc2 27.Bd1 Qc6 28.Bf3 Qc2 29.Bd1 Qc6 30.Bf3

[Event "2. Bundesliga Mitte 2009/2010"]
[Site "St. Veit/Glan"]
[Date "2010.04.17"]
[Round "10"]
[Board "2"]
[White "Cigan, Stefan"]
[Black "Knoll, Hermann"]
[Result "0-1"]
[WhiteElo "2371"]
[BlackElo "2384"]
[PlyCount "84"]
[EventDate "2009.10.10"]
[EventType "team"]
[EventRounds "11"]
[EventCountry "AUT"]
[WhiteTeam "Frauental"]
[BlackTeam "Union Ansfelden"]

1.e4 e5 2.Nf3 Nc6 3.Bc4 Nf6 4.d3 Bc5 5.c3 d6 6.Nbd2 a6 7.Bb3 O-O 8.h3 Ba7 9.Nf1
Ne7 10.g4 Ng6 11.Ng3 c6 12.Nf5 d5 13.Qe2 Re8 14.Kf1 Nf4 15.Bxf4 exf4 16.e5 Bb8
17.Re1 Nd7 18.d4 Nf8 19.Qd2 Ne6 20.h4 b5 21.Bc2 Ra7 22.Qd3 g6 23.Nh6+ Kg7 24.g5
a5 25.Kg2 b4 26.Rh2 c5 27.Reh1 c4 28.Qd2 Rh8 29.Ng1 a4 30.Ne2 a3 31.cxb4 axb2
32.a4 Bxe5 33.dxe5 d4 34.a5 d3 35.Rd1 f3+ 36.Kxf3 Qd5+ 37.Kg3 Bb7 38.Qe3 Rd8
39.Nf4 Qf3+ 40.Qxf3 Bxf3 41.Nxe6+ fxe6 42.Kxf3 Rf8+